[Event "Bol op"]
[Site "Bol"]
[Date "2010.09.17"]
[Round "6"]
[White "Pertlova, Sona"]
[Black "Elishev, Ivan"]
[Result "1-0"]
[WhiteElo "2206"]
[BlackElo "2214"]
[PlyCount "54"]
[EventDate "2010.09.14"]
[EventType "swiss"]
[EventRounds "9"]
[EventCountry "CRO"]
[SourceTitle "CBM 138 Extra"]
[Source "ChessBase"]
[SourceDate "2010.10.29"]
[SourceVersion "1"]
[SourceVersionDate "2010.10.29"]
[SourceQuality "1"]

1. d4 Nf6 2. c4 g6 3. Nc3 d5 4. Nf3 Bg7 5. Bf4 0-0 6. Rc1 c5 7. dxc5 dxc4 8. e4 Qa5 9. e5 Rd8 10. Bd2 Ng4 11. Bxc4 Qxc5 12. Ne4 Qb6 13. Bxf7+ Kxf7 14. Rxc8 Rxc8 15. Nfg5+ Kg8 16. Qxg4 Rc6 17. Nd6 Rxd6 18. exd6 Qxd6 19. Qc4+ e6 20. Qc8+ Bf8 21. Qxb7 Nd7 22. Qxa8 Nc5 23. Qf3 Nd3+ 24. Ke2 Ne5 25. Qb3 Qa6+ 26. Kd1 Nc4 27. Re1 Qc8 1-0

[Event "Graz (Women) 17th"]
[Site "Graz"]
[Date "2010.08.30"]
[Round "3"]
[White "Pertlova, Sona"]
[Black "Daulyte Cornette, Deimante"]
[Result "1-0"]
[WhiteElo "2206"]
[BlackElo "2333"]
[PlyCount "78"]
[EventDate "2010.08.21"]
[EventType "tourn"]
[EventRounds "9"]
[EventCountry "AUT"]
[SourceTitle "CBM 138 Extra"]
[Source "ChessBase"]
[SourceDate "2010.10.29"]
[SourceVersion "1"]
[SourceVersionDate "2010.10.29"]
[SourceQuality "1"]

1. d4 Nf6 2. c4 g6 3. g3 Bg7 4. Bg2 d5 5. cxd5 Nxd5 6. Nc3 Nb6 7. Nf3 Nc6 8. e3 0-0 9. 0-0 Re8 10. Re1 e5 11. dxe5 Nxe5 12. Nxe5 Bxe5 13. Qe2 c6 14. e4 Be6 15. f4 Bg7 16. Be3 Nc4 17. Bf2 Qa5 18. e5 f6 19. Ne4 fxe5 20. b3 Nb6 21. Nd6 Re7 22. Rac1 Bd5 23. Bc5 Bxg2 24. Qxg2 Nd5 25. fxe5 Bxe5 26. b4 Qa6 27. Nc4 Bc3 28. Rxe7 Qxc4 29. Ree1 Nxb4 30. Bxb4 Qxb4 31. Re4 Qa3 32. Qc2 Bd4+ 33. Kh1 Qf3+ 34. Qg2 Qxg2+ 35. Kxg2 c5 36. Re7 Rf8 37. Rf1 Rxf1 38. Kxf1 b5 39. Rxa7 b4 1-0

[Event "Graz (Women) 17th"]
[Site "Graz"]
[Date "2010.08.29"]
[Round "2"]
[White "Moser, Eva"]
[Black "Pertlova, Sona"]
[Result "1-0"]
[WhiteElo "2440"]
[BlackElo "2206"]
[PlyCount "255"]
[EventDate "2010.08.21"]
[EventType "tourn"]
[EventRounds "9"]
[EventCountry "AUT"]
[SourceTitle "CBM 138 Extra"]
[Source "ChessBase"]
[SourceDate "2010.10.29"]
[SourceVersion "1"]
[SourceVersionDate "2010.10.29"]
[SourceQuality "1"]

1. g3 c5 2. Bg2 Nc6 3. e4 g6 4. d3 Bg7 5. f4 e6 6. Nf3 Nge7 7. 0-0 0-0 8. c3 b6 9. a4 Bb7 10. Na3 d6 11. Be3 Qd7 12. Re1 Rfd8 13. Bf2 d5 14. Qc2 dxe4 15. dxe4 Qd3 16. Qxd3 Rxd3 17. Nc4 Rad8 18. a5 b5 19. a6 Ba8 20. Nce5 Nxe5 21. Nxe5 Bxe5 22. fxe5 Nc6 23. Bxc5 Rd2 24. b4 R8d3 25. Bd4 Nxd4 26. cxd4 Rxd4 27. Rac1 Kg7 28. Rc8 Rd8 29. Rec1 R2d4 30. Rxd8 Rxd8 31. Rc7 Rd4 32. Kf2 Rxb4 33. Ke3 Ra4 34. Rc8 Ra3+ 35. Kf4 Rxa6 36. Rxa8 Ra2 37. Bf3 a5 38. Ke3 a4 39. Bd1 Rxh2 40. Rb8 Rg2 41. g4 Rg1 42. Kd2 h5 43. gxh5 gxh5 44. Bxh5 Rg5 45. Bf3 Rxe5 46. Kc3 Rg5 47. Be2 Kf6 48. Bxb5 a3 49. Bc4 Ra5 50. Ba2 Ke5 51. Kd3 f5 52. Rb6 fxe4+ 53. Ke3 Kf5 54. Bxe6+ Ke5 55. Ba2 Ra4 56. Re6+ Kf5 57. Re8 Kg5 58. Re5+ Kf6 59. Rb5 Kg6 60. Kf4 Kf6 61. Rb6+ Ke7 62. Ke3 Kd8 63. Rb7 Kc8 64. Rh7 Kb8 65. Kd2 Ra7 66. Rh8+ Kc7 67. Re8 Ra4 68. Kc3 Kd7 69. Re6 Ra8 70. Rxe4 Kd6 71. Re6+ Kd7 72. Rh6 Ra5 73. Kb4 Ra8 74. Rh2 Kd6 75. Re2 Ra7 76. Re6+ Kd7 77. Re2 Kd6 78. Bb3 a2 79. Bxa2 Re7 80. Rh2 Ke5 81. Bc4 Rd7 82. Re2+ Kf4 83. Kc5 Ra7 84. Kd4 Ra4 85. Re4+ Kf5 86. Ke3 Ra1 87. Be6+ Kf6 88. Bg4 Kg5 89. Be2 Kf5 90. Re8 Re1 91. Kf3 Ra1 92. Bd3+ Kg5 93. Rf8 Ra5 94. Ke4 Ra4+ 95. Ke3 Ra3 96. Rf5+ Kg4 97. Rf6 Kg5 98. Rg6+ Kh5 99. Rg1 Ra4 100. Be4 Kh6 101. Kf4 Ra6 102. Rh1+ Kg7 103. Rh7+ Kf8 104. Ke5 Ra1 105. Bf5 Ra6 106. Be6 Ke8 107. Kf6 Kd8 108. Rd7+ Ke8 109. Rc7 Rd6 110. Rc4 Rd2 111. Rc8+ Rd8 112. Rc2 Rd1 113. Rh2 Kd8 114. Rc2 Ke8 115. Rc6 Rd2 116. Ra6 Kd8 117. Rc6 Ke8 118. Bg4 Rd3 119. Rc4 Rd6+ 120. Be6 Rd2 121. Ke5 Ke7 122. Rc7+ Kd8 123. Rh7 Rd1 124. Bd5 Ke8 125. Kd6 Kf8 126. Rf7+ Ke8 127. Rf2 Rd3 128. Rg2 1-0

[Event "CZE-ch"]
[Site "Ostrava"]
[Date "2010.05.06"]
[Round "6"]
[White "Indrak, Igor"]
[Black "Pertlova, Sona"]
[Result "0-1"]
[WhiteElo "2269"]
[BlackElo "2201"]
[PlyCount "230"]
[EventDate "2010.05.01"]
[EventType "swiss"]
[EventRounds "9"]
[EventCountry "CZE"]
[SourceTitle "CBM 136 Extra"]
[Source "ChessBase"]
[SourceDate "2010.07.02"]
[SourceVersion "2"]
[SourceVersionDate "2010.07.15"]
[SourceQuality "1"]

1. d4 Nf6 2. Nf3 e6 3. Bf4 c5 4. e3 b6 5. Bd3 Bb7 6. Nbd2 Be7 7. h3 0-0 8. 0-0 d6 9. Qe2 Nd5 10. c3 Nxf4 11. exf4 g6 12. Rad1 Nc6 13. Qe3 Qc7 14. Be4 cxd4 15. Nxd4 Nxd4 16. Qxd4 d5 17. Bb1 Bc5 18. Qf6 Be7 19. Qd4 Bc5 20. Qf6 Qe7 21. Qxe7 Bxe7 22. Nf3 Rfc8 23. Rfe1 Bf6 24. Ne5 Bg7 25. Bd3 Rc5 26. Bf1 Rac8 27. h4 h5 28. g3 Ra5 29. a3 Rac5 30. Nd7 R5c7 31. Ne5 Bf8 32. Bh3 Re8 33. Bf1 Rec8 34. Bh3 Rd8 35. Nf3 Bc6 36. Ne5 Ba4 37. Rd2 b5 38. Rb1 Bb3 39. Bf1 Rb8 40. Nf3 a5 41. Nd4 Bc4 42. Bxc4 Rxc4 43. Ra1 Bg7 44. Nc2 Rbc8 45. Rad1 Bf6 46. Kf1 Bg7 47. Rd3 Bf8 48. Ne3 R4c7 49. Nc2 Bd6 50. Nd4 Rb8 51. Ke2 b4 52. cxb4 axb4 53. a4 Be7 54. b3 Bf6 55. Nb5 Rc6 56. Nd4 Rc3 57. Nb5 Rc5 58. Nd4 Bg7 59. Nb5 Kf8 60. Nd4 Kg8 61. Nb5 f6 62. Nd4 Kf7 63. Nf3 Rd8 64. Rd4 Rb8 65. R4d3 Rb7 66. Kd2 Rbc7 67. Ke2 Ke7 68. Nd4 e5 69. Nb5 Rd7 70. fxe5 fxe5 71. f3 Ke6 72. Re3 Kf5 73. Rd2 Bh6 74. f4 exf4 75. gxf4 Bxf4 76. Rf3 Kg4 77. Rdd3 Re7+ 78. Kf2 Rc2+ 79. Kf1 Rce2 80. Nd4 R2e4 81. Kg2 Kxh4 82. Rh3+ Kg5 83. Nf3+ Kf6 84. Rxd5 Re2+ 85. Kf1 R2e3 86. Ng1 Rxh3 87. Nxh3 Be5 88. Nf2 Rh7 89. Ne4+ Ke6 90. Rd8 Rc7 91. Ke2 Rc2+ 92. Kd3 Rc1 93. Kd2 Bf4+ 94. Ke2 Kf5 95. Re8 Be5 96. Nf2 Rc2+ 97. Kf1 Rc3 98. Rf8+ Bf6 99. Rb8 Rxb3 100. a5 Rb1+ 101. Ke2 b3 102. Nd3 b2 103. a6 Ra1 104. a7 Rxa7 105. Kd2 Ra1 106. Kc2 b1Q+ 107. Rxb1 Rxb1 108. Kxb1 Ke4 109. Kc2 Ke3 110. Nb4 Be5 111. Nd5+ Ke4 112. Ne7 g5 113. Kd2 h4 114. Ke2 h3 115. Kf2 g4 0-1

[Event "CZE-ch"]
[Site "Ostrava"]
[Date "2010.05.04"]
[Round "4"]
[White "Pertlova, Sona"]
[Black "Mrva, Marek"]
[Result "1-0"]
[WhiteElo "2201"]
[BlackElo "2248"]
[PlyCount "91"]
[EventDate "2010.05.01"]
[EventType "swiss"]
[EventRounds "9"]
[EventCountry "CZE"]
[SourceTitle "CBM 136 Extra"]
[Source "ChessBase"]
[SourceDate "2010.07.02"]
[SourceVersion "2"]
[SourceVersionDate "2010.07.15"]
[SourceQuality "1"]

1. d4 Nf6 2. Nf3 d6 3. g3 c6 4. c4 Nbd7 5. Nc3 e5 6. Bg2 Be7 7. 0-0 0-0 8. e4 Qc7 9. h3 Re8 10. Be3 a6 11. a4 a5 12. Qc2 h6 13. Rad1 Nh7 14. Qc1 Ndf8 15. c5 dxc5 16. dxe5 Ng6 17. Nb1 Nxe5 18. Nxe5 Qxe5 19. f4 Qe6 20. Nd2 Bf8 21. Bxc5 Bxc5+ 22. Qxc5 Nf8 23. Nc4 Nd7 24. Qd4 Nf6 25. Nb6 Rb8 26. e5 Nh7 27. f5 Qb3 28. Kh2 Nf8 29. e6 Nxe6 30. fxe6 Bxe6 31. Rf3 Qc2 32. Rf2 Qb3 33. Rf3 Qc2 34. Qd2 Qc5 35. Nd7 Qh5 36. Nxb8 Bxh3 37. Kg1 Bg4 38. Qf4 Bxf3 39. Bxf3 Qc5+ 40. Kg2 g5 41. Nd7 Qc2+ 42. Rd2 Qg6 43. Qf6 Kh7 44. Qd4 Ra8 45. Nf6+ Kg7 46. Nh5+ 1-0

[Event "EU-ch (Women) 11th"]
[Site "Rijeka"]
[Date "2010.03.17"]
[Round "11"]
[White "Kukic, Lora"]
[Black "Pertlova, Sona"]
[Result "1/2-1/2"]
[WhiteElo "1723"]
[BlackElo "2262"]
[PlyCount "71"]
[EventDate "2010.03.06"]
[EventType "swiss"]
[EventRounds "11"]
[EventCountry "CRO"]
[SourceTitle "CBM 135 Extra"]
[Source "ChessBase"]
[SourceDate "2010.05.04"]
[SourceVersion "1"]
[SourceVersionDate "2010.05.04"]
[SourceQuality "1"]

1. d4 c5 2. d5 Nf6 3. c4 e6 4. Nc3 exd5 5. cxd5 d6 6. e4 g6 7. f4 Bg7 8. Bb5+ Nfd7 9. a4 0-0 10. Nf3 Na6 11. 0-0 Nc7 12. Bd3 a6 13. Re1 Nf6 14. h3 Rb8 15. Be3 b5 16. axb5 axb5 17. Bf2 b4 18. Na4 Bd7 19. Bc4 Bxa4 20. Rxa4 Nd7 21. Bh4 Bf6 22. Bxf6 Qxf6 23. Ra7 Nb6 24. Qc1 Nxc4 25. Qxc4 Nb5 26. e5 Qf5 27. Ra5 Nd4 28. Nxd4 Qxf4 29. exd6 cxd4 30. d7 Qd6 31. Qc6 Rb6 32. Qxd6 Rxd6 33. Re7 Kg7 34. Kf2 Rd8 35. Re4 R8xd7 36. Rxd4 1/2-1/2

[Event "EU-ch (Women) 11th"]
[Site "Rijeka"]
[Date "2010.03.09"]
[Round "4"]
[White "Pertlova, Sona"]
[Black "Bogumil, Tatiana"]
[Result "0-1"]
[WhiteElo "2262"]
[BlackElo "2201"]
[PlyCount "52"]
[EventDate "2010.03.06"]
[EventType "swiss"]
[EventRounds "11"]
[EventCountry "CRO"]
[SourceTitle "CBM 135 Extra"]
[Source "ChessBase"]
[SourceDate "2010.05.04"]
[SourceVersion "1"]
[SourceVersionDate "2010.05.04"]
[SourceQuality "1"]

1. d4 f5 2. Nf3 Nf6 3. g3 e6 4. Bg2 d5 5. c4 c6 6. 0-0 Be7 7. b3 0-0 8. Bb2 Bd7 9. Ne5 Be8 10. Nd2 Bh5 11. Ndf3 Ne4 12. Qc2 g5 13. Ne1 Nd7 14. N1d3 Bd6 15. f3 Nef6 16. Rae1 Qe7 17. Qc1 Qg7 18. Nxd7 Nxd7 19. e4 Bf7 20. e5 dxc4 21. bxc4 Be7 22. f4 Rfd8 23. d5 Bc5+ 24. Nxc5 Nxc5 25. Qe3 Na4 26. Ba1 Nb6 0-1

[Event "EU-ch (Women) 11th"]
[Site "Rijeka"]
[Date "2010.03.06"]
[Round "1"]
[White "Paehtz, Elisabeth"]
[Black "Pertlova, Sona"]
[Result "1-0"]
[WhiteElo "2486"]
[BlackElo "2262"]
[PlyCount "97"]
[EventDate "2010.03.06"]
[EventType "swiss"]
[EventRounds "11"]
[EventCountry "CRO"]
[SourceTitle "CBM 135 Extra"]
[Source "ChessBase"]
[SourceDate "2010.05.04"]
[SourceVersion "1"]
[SourceVersionDate "2010.05.04"]
[SourceQuality "1"]

1. e4 d5 2. exd5 Nf6 3. Nf3 Nxd5 4. d4 Bg4 5. c4 Nb6 6. c5 N6d7 7. Qb3 Nc6 8. d5 Bxf3 9. Qxf3 Nd4 10. Qe4 e5 11. dxe6 Nxe6 12. Qxb7 Bxc5 13. Be2 0-0 14. 0-0 Ne5 15. Qe4 Bd4 16. Nd2 f5 17. Qc2 Qf6 18. Nf3 Rab8 19. Rb1 Rfd8 20. Nxe5 Bxe5 21. Bc4 Kh8 22. Bxe6 Qxe6 23. Bg5 Rd4 24. Be3 Rc4 25. Qd3 Ra4 26. Rfe1 Qd6 27. Qxf5 Bxh2+ 28. Kf1 Qa6+ 29. Re2 Bd6 30. Qh5 Ra5 31. Qg4 Be5 32. Kg1 Rxa2 33. Rd2 Raxb2 34. Rdxb2 Rxb2 35. Rd1 Rb8 36. Qb4 Rg8 37. Qe4 Qe2 38. Rb1 Re8 39. Qxe5 Rg8 40. Qxc7 h6 41. Qxa7 Rd8 42. Qa1 Qh5 43. Re1 Qg6 44. Bd4 Qg4 45. Be5 Kg8 46. Qc3 Re8 47. Qb3+ Kh7 48. Qd3+ Kg8 49. Re3 1-0

[Event "CZE-chT2A 0910"]
[Site "Czech Republic"]
[Date "2010.02.14"]
[Round "7.1"]
[White "Pertlova, Sona"]
[Black "Vybiral, Zdenek"]
[Result "0-1"]
[WhiteElo "2243"]
[BlackElo "2260"]
[PlyCount "60"]
[EventDate "2009.10.18"]
[EventType "team-tourn"]
[EventRounds "11"]
[EventCountry "CZE"]
[SourceTitle "EXT 2012"]
[Source "ChessBase"]
[SourceDate "2011.11.24"]
[SourceVersion "1"]
[SourceVersionDate "2011.11.24"]
[SourceQuality "1"]
[WhiteTeam "Praha Bohemians II"]
[BlackTeam "Tabor"]
[WhiteTeamCountry "CSR"]
[BlackTeamCountry "CZE"]

1. d4 e6 2. c4 f5 3. Nf3 Nf6 4. g3 d5 5. Bg2 c6 6. 0-0 Bd6 7. b3 Qe7 8. Bb2 0-0 9. Nbd2 Nbd7 10. Ne5 a5 11. f3 a4 12. Nxd7 Bxd7 13. e4 a3 14. Bc3 e5 15. exd5 cxd5 16. Re1 e4 17. Rc1 e3 18. Nf1 f4 19. Qd3 g5 20. h4 gxh4 21. gxf4 h3 22. Nxe3 Qg7 23. Rc2 Kh8 24. f5 Rae8 25. cxd5 Qg3 26. Nf1 h2+ 27. Nxh2 Qxh2+ 28. Kf1 Nh5 29. Re6 Nf4 30. Qe4 Bb5+ 0-1

[Event "CZE/SVK-chT (Women)"]
[Site "Martin"]
[Date "2010.??.??"]
[Round "1"]
[White "Labedz, Patrycja"]
[Black "Pertlova, Sona"]
[Result "1-0"]
[WhiteElo "2075"]
[BlackElo "2200"]
[PlyCount "97"]
[EventDate "2010.05.??"]
[EventType "team-tourn"]
[EventRounds "7"]
[EventCountry "SVK"]
[SourceTitle "EXT 2012"]
[Source "ChessBase"]
[SourceDate "2011.11.24"]
[SourceVersion "1"]
[SourceVersionDate "2011.11.24"]
[SourceQuality "1"]

1. d4 c5 2. d5 Nf6 3. c4 e6 4. Nc3 exd5 5. cxd5 d6 6. e4 g6 7. Nf3 Bg7 8. Be2 0-0 9. 0-0 Bg4 10. Nd2 Bxe2 11. Qxe2 Re8 12. f3 Nbd7 13. Nc4 Ne5 14. Nxe5 Rxe5 15. Bf4 Re8 16. Qd2 Nh5 17. Bh6 Bd4+ 18. Kh1 a6 19. Ne2 Be5 20. g4 Qh4 21. f4 Bg7 22. Bxg7 Nxg7 23. Qd3 Qxg4 24. Rg1 Qh4 25. Raf1 Qe7 26. Ng3 h5 27. f5 h4 28. f6 Qe5 29. Nf5 Nh5 30. Ne7+ Kh7 31. Rg4 Nxf6 32. Rxh4+ Kg7 33. Qe3 Rh8 34. Nf5+ Kg8 35. Rxh8+ Kxh8 36. Qh6+ Nh7 37. Nxd6 Qg7 38. Nxf7+ Kg8 39. Qe3 Rf8 40. Nh6+ Kh8 41. Rg1 g5 42. Nf5 Qxb2 43. Qxc5 Qe5 44. Qc4 b5 45. Qd3 Rc8 46. d6 Rc3 47. Qe2 Rh3 48. d7 Qc7 49. Qb2+ 1-0

[Event "CZE/SVK-chT (Women)"]
[Site "Martin"]
[Date "2010.??.??"]
[Round "3"]
[White "Theissl Pokorna, Regina"]
[Black "Pertlova, Sona"]
[Result "1/2-1/2"]
[WhiteElo "2385"]
[BlackElo "2200"]
[PlyCount "70"]
[EventDate "2010.05.??"]
[EventType "team-tourn"]
[EventRounds "7"]
[EventCountry "SVK"]
[SourceTitle "EXT 2012"]
[Source "ChessBase"]
[SourceDate "2011.11.24"]
[SourceVersion "1"]
[SourceVersionDate "2011.11.24"]
[SourceQuality "1"]

1. e4 c5 2. Nf3 e6 3. d4 cxd4 4. Nxd4 Nc6 5. Nc3 a6 6. Be2 d6 7. 0-0 Nf6 8. Be3 Be7 9. Qe1 0-0 10. f4 Bd7 11. Qg3 Nxd4 12. Bxd4 Bc6 13. Kh1 g6 14. Bd3 b5 15. a3 Qb8 16. Rae1 Nh5 17. Qg4 Nxf4 18. Qxf4 e5 19. Qh6 exd4 20. Rf3 Bg5 21. Qxg5 dxc3 22. bxc3 Qb7 23. Rf6 Rae8 24. Qf4 Re5 25. Rxd6 Rfe8 26. h3 Bxe4 27. Bxe4 Rxe4 28. Rxe4 Rxe4 29. Rd8+ Kg7 30. Qd6 Qe7 31. Qxe7 Rxe7 32. Rd6 Re2 33. Rxa6 Rxc2 34. Rc6 Ra2 35. Ra6 Rc2 1/2-1/2

[Event "BL 0910 (Women)"]
[Site "Germany"]
[Date "2009.11.08"]
[Round "2.4"]
[White "Pertlova, Sona"]
[Black "Rudolf, Anna"]
[Result "1/2-1/2"]
[WhiteElo "2232"]
[BlackElo "2295"]
[PlyCount "29"]
[EventDate "2009.11.07"]
[EventType "team-tourn"]
[EventRounds "11"]
[EventCountry "GER"]
[SourceTitle "CBM 133 Extra"]
[Source "ChessBase"]
[SourceDate "2010.01.05"]
[SourceVersion "1"]
[SourceVersionDate "2010.01.05"]
[SourceQuality "1"]
[WhiteTeam "Grosslehna (W)"]
[BlackTeam "Rodewisch (W)"]
[WhiteTeamCountry "GER"]
[BlackTeamCountry "GER"]

1. d4 e6 2. g3 Nf6 3. c4 d5 4. Nf3 Be7 5. Bg2 0-0 6. 0-0 dxc4 7. Qc2 a6 8. Qxc4 b5 9. Qc2 Bb7 10. Bg5 Nbd7 11. Nbd2 Rc8 12. Nb3 Be4 13. Qc1 c5 14. Bxf6 Nxf6 15. dxc5 1/2-1/2

[Event "BL 0910 (Women)"]
[Site "Germany"]
[Date "2009.11.07"]
[Round "1.4"]
[White "Schoene, Maria"]
[Black "Pertlova, Sona"]
[Result "1-0"]
[WhiteElo "2265"]
[BlackElo "2232"]
[PlyCount "61"]
[EventDate "2009.11.07"]
[EventType "team-tourn"]
[EventRounds "11"]
[EventCountry "GER"]
[SourceTitle "CBM 133 Extra"]
[Source "ChessBase"]
[SourceDate "2010.01.05"]
[SourceVersion "1"]
[SourceVersionDate "2010.01.05"]
[SourceQuality "1"]
[WhiteTeam "Bad Koenigshofen (W)"]
[BlackTeam "Grosslehna (W)"]
[WhiteTeamCountry "GER"]
[BlackTeamCountry "GER"]

1. e4 c5 2. Nf3 e6 3. d4 cxd4 4. Nxd4 Nc6 5. Nc3 a6 6. Be2 Qc7 7. Be3 Nf6 8. a3 b5 9. Nxc6 dxc6 10. 0-0 Bb7 11. f4 Be7 12. e5 Rd8 13. Qe1 Nd7 14. Qg3 0-0 15. Rae1 c5 16. Bg4 Kh8 17. Bc1 g6 18. Qh3 c4 19. Ne4 Bxe4 20. Rxe4 Nb6 21. Ree1 Rd7 22. Bf3 c3 23. b3 Nd5 24. g4 Rg8 25. Kh1 Bf8 26. f5 Bg7 27. f6 Bf8 28. g5 a5 29. Re4 h6 30. Rh4 Nxf6 31. exf6 1-0

[Event "EU-chT (Women) 08th"]
[Site "Novi Sad"]
[Date "2009.10.29"]
[Round "8"]
[White "Pertlova, Sona"]
[Black "Nechaeva, Marina"]
[Result "1-0"]
[WhiteElo "2226"]
[BlackElo "2226"]
[PlyCount "113"]
[EventDate "2009.10.22"]
[EventType "team-swiss"]
[EventRounds "9"]
[EventCountry "YUG"]
[SourceTitle "EXT 2010"]
[Source "ChessBase"]
[SourceDate "2010.11.25"]
[SourceVersion "1"]
[SourceVersionDate "2010.11.25"]
[SourceQuality "1"]
[WhiteTeam "Czech Republic (W)"]
[BlackTeam "Russia (W)"]
[WhiteTeamCountry "CZE"]
[BlackTeamCountry "RUS"]

1. d4 Nf6 2. c4 g6 3. g3 c6 4. Nf3 Bg7 5. Bg2 d5 6. cxd5 cxd5 7. Nc3 Ne4 8. Qb3 Nxc3 9. Qxc3 Nc6 10. Ne5 Nxe5 11. dxe5 0-0 12. 0-0 e6 13. Rd1 Qb6 14. Be3 Qc6 15. Qxc6 bxc6 16. Bc5 Re8 17. f4 f6 18. Bd6 fxe5 19. fxe5 Bf8 20. Rac1 Bd7 21. e4 a5 22. b3 Ra7 23. Rc3 Ra6 24. Bh3 Rb6 25. exd5 cxd5 26. Bxf8 Rxf8 27. Rc7 Rf7 28. Rf1 Rxf1+ 29. Kxf1 Be8 30. Ke2 Bf7 31. Ra7 Rb4 32. Bg2 Rb5 33. Kd3 Rc5 34. Bf3 g5 35. h4 gxh4 36. gxh4 h5 37. Kd4 Rb5 38. Kc3 Rb4 39. Rxa5 Rxh4 40. Kd2 Rh3 41. Ke3 Bg6 42. Kf4 Kg7 43. Ra7+ Kh6 44. Ra6 d4 45. Rxe6 d3 46. Rd6 Rh4+ 47. Ke3 Kg5 48. e6 Rf4 49. e7 Rf6 50. Rd5+ Kh4 51. Re5 d2 52. Bd1 Be8 53. Kxd2 Rf2+ 54. Be2 Kg3 55. Ke3 Rf6 56. Kd4 Rh6 57. Bb5 1-0

[Event "EU-chT (Women) 08th"]
[Site "Novi Sad"]
[Date "2009.10.23"]
[Round "2"]
[White "Pertlova, Sona"]
[Black "Saric, Kristina"]
[Result "1-0"]
[WhiteElo "2226"]
[BlackElo "2193"]
[PlyCount "30"]
[EventDate "2009.10.22"]
[EventType "team-swiss"]
[EventRounds "9"]
[EventCountry "YUG"]
[SourceTitle "EXT 2010"]
[Source "ChessBase"]
[SourceDate "2010.11.25"]
[SourceVersion "1"]
[SourceVersionDate "2010.11.25"]
[SourceQuality "1"]
[WhiteTeam "Czech Republic (W)"]
[BlackTeam "Croatia (W)"]
[WhiteTeamCountry "CZE"]
[BlackTeamCountry "CRO"]

1. d4 d5 2. Nf3 Nf6 3. g3 Bf5 4. c4 c6 5. Nc3 e6 6. Nh4 Bg4 7. f3 Bh5 8. Qb3 Qb6 9. c5 Qxb3 10. axb3 Be7 11. b4 0-0 12. Kf2 Nfd7 13. e4 f5 14. e5 b6 15. Bg2 b5 1-0

[Event "Tatry op"]
[Site "Tatranske Zruby"]
[Date "2009.09.29"]
[Round "4"]
[White "Michenka, Jozef"]
[Black "Pertlova, Sona"]
[Result "1/2-1/2"]
[WhiteElo "2366"]
[BlackElo "2226"]
[PlyCount "125"]
[EventDate "2009.09.27"]
[EventType "swiss"]
[EventRounds "9"]
[EventCountry "SVK"]
[SourceTitle "EXT 2011"]
[Source "ChessBase"]
[SourceDate "2010.11.26"]
[SourceVersion "1"]
[SourceVersionDate "2010.11.26"]
[SourceQuality "1"]

1. d4 Nf6 2. c4 e6 3. Nc3 Bb4 4. Qc2 b6 5. a3 Bxc3+ 6. Qxc3 0-0 7. Nf3 Bb7 8. g3 d6 9. Bg2 Nbd7 10. 0-0 a5 11. b3 Qe7 12. Bb2 Ne4 13. Qc2 f5 14. Ne1 c5 15. f3 Nef6 16. Nd3 cxd4 17. Bxd4 e5 18. Bb2 d5 19. Bh3 e4 20. Nf4 g5 21. Nxd5 Qc5+ 22. Kh1 Nxd5 23. Qd2 e3 24. Qd3 g4 25. Bg2 N5f6 26. Bd4 Qd6 27. Qxe3 f4 28. Qxf4 Qxf4 29. gxf4 Nh5 30. e3 gxf3 31. Bxf3 Bxf3+ 32. Rxf3 Nhf6 33. Rh3 Rfe8 34. Rg1+ Kf7 35. Rg5 Rg8 36. Rh6 Rg6 37. Rhxg6 hxg6 38. Rb5 Rb8 39. Kg2 Ne4 40. Kf3 Nec5 41. b4 axb4 42. axb4 Ne6 43. Rd5 Ke7 44. Rb5 Kd6 45. Ke4 Kc6 46. Rd5 Re8 47. Be5 Nxe5 48. Rxe5 Kd6 49. Kf3 Rc8 50. Re4 Rh8 51. Kg3 Ra8 52. Kg4 Rh8 53. h4 Rh5 54. Kg3 Ke7 55. Kg4 Kf6 56. Kg3 Ng7 57. Kg4 Nf5 58. Re8 Rxh4+ 59. Kf3 Rh3+ 60. Ke2 Rh2+ 61. Kd3 Rb2 62. Kc3 Re2 63. Kd3 1/2-1/2

[Event "Tatry op"]
[Site "Tatranske Zruby"]
[Date "2009.09.29"]
[Round "3"]
[White "Pertlova, Sona"]
[Black "Masak, Pavel"]
[Result "1-0"]
[WhiteElo "2226"]
[BlackElo "2135"]
[PlyCount "79"]
[EventDate "2009.09.27"]
[EventType "swiss"]
[EventRounds "9"]
[EventCountry "SVK"]
[SourceTitle "EXT 2011"]
[Source "ChessBase"]
[SourceDate "2010.11.26"]
[SourceVersion "1"]
[SourceVersionDate "2010.11.26"]
[SourceQuality "1"]

1. d4 Nf6 2. c4 e6 3. g3 Bb4+ 4. Bd2 Bxd2+ 5. Nxd2 Nc6 6. Ngf3 d6 7. e4 e5 8. d5 Nb8 9. b4 a5 10. a3 axb4 11. axb4 Rxa1 12. Qxa1 0-0 13. Bg2 Na6 14. Qc3 c5 15. dxc6 bxc6 16. 0-0 c5 17. b5 Nc7 18. Ra1 Bb7 19. Ne1 Ne6 20. Ra7 Nd4 21. Qa3 Qb6 22. f3 Rd8 23. Bh3 Ne8 24. Qa5 Qxa5 25. Rxa5 Ra8 26. Rxa8 Bxa8 27. Bc8 d5 28. exd5 Nd6 29. Bd7 f5 30. Nd3 Nxf3+ 31. Nxf3 e4 32. Nxc5 exf3 33. b6 Nxc4 34. b7 Bxb7 35. Nxb7 g6 36. d6 Kf8 37. Bb5 Nxd6 38. Nxd6 Ke7 39. Nc4 Kf6 40. Kf2 1-0

[Event "Tatry op"]
[Site "Tatranske Zruby"]
[Date "2009.09.27"]
[Round "1"]
[White "Pertlova, Sona"]
[Black "Mrva, Martin"]
[Result "0-1"]
[WhiteElo "2226"]
[BlackElo "2474"]
[PlyCount "80"]
[EventDate "2009.09.27"]
[EventType "swiss"]
[EventRounds "9"]
[EventCountry "SVK"]
[SourceTitle "EXT 2011"]
[Source "ChessBase"]
[SourceDate "2010.11.26"]
[SourceVersion "1"]
[SourceVersionDate "2010.11.26"]
[SourceQuality "1"]

1. d4 Nf6 2. c4 g6 3. g3 Bg7 4. Bg2 0-0 5. Nc3 d6 6. Nf3 Bg4 7. h3 Bxf3 8. Bxf3 Nc6 9. e3 Nd7 10. Rb1 a5 11. a3 e5 12. d5 Ncb8 13. b4 f5 14. Nb5 Nf6 15. 0-0 Nbd7 16. Bb2 axb4 17. axb4 Nb6 18. Qb3 Qd7 19. Rfd1 Rf7 20. Bg2 g5 21. Bf1 f4 22. exf4 gxf4 23. c5 Nbxd5 24. cxd6 fxg3 25. fxg3 c6 26. Nc7 Raf8 27. Bxe5 Ne4 28. Bxg7 Rxg7 29. Rd3 Qxd6 30. Nxd5 cxd5 31. Qxd5+ Qxd5 32. Rxd5 Nc3 33. Bc4 Kh8 34. Rbd1 Nxd5 35. Bxd5 Rd8 36. Bf3 Rxd1+ 37. Bxd1 Rxg3+ 38. Kh2 Rd3 39. Bg4 Rb3 40. Bc8 Rxb4 0-1

[Event "Brno Tespo Eng"]
[Site "Brno"]
[Date "2009.07.03"]
[Round "10"]
[White "Spodny, Josef"]
[Black "Pertlova, Sona"]
[Result "1/2-1/2"]
[WhiteElo "2088"]
[BlackElo "2232"]
[PlyCount "22"]
[EventDate "2009.06.26"]
[EventType "tourn"]
[EventRounds "11"]
[EventCountry "CZE"]
[EventCategory "1"]
[SourceTitle "CBM 131 Extra"]
[Source "ChessBase"]
[SourceDate "2009.09.03"]
[SourceVersion "2"]
[SourceVersionDate "2009.09.16"]
[SourceQuality "1"]

1. d4 Nf6 2. Nf3 c5 3. c3 g6 4. g3 Bg7 5. Bg2 d5 6. 0-0 cxd4 7. cxd4 0-0 8. Nc3 Ne4 9. Qb3 Nc6 10. Rd1 Na5 11. Qb4 Nc6 1/2-1/2

[Event "Brno Tespo Eng"]
[Site "Brno"]
[Date "2009.06.29"]
[Round "6"]
[White "Lundeby, Oyvind Andersen"]
[Black "Pertlova, Sona"]
[Result "1/2-1/2"]
[WhiteElo "2213"]
[BlackElo "2232"]
[PlyCount "44"]
[EventDate "2009.06.26"]
[EventType "tourn"]
[EventRounds "11"]
[EventCountry "CZE"]
[EventCategory "1"]
[SourceTitle "CBM 131 Extra"]
[Source "ChessBase"]
[SourceDate "2009.09.03"]
[SourceVersion "2"]
[SourceVersionDate "2009.09.16"]
[SourceQuality "1"]

1. d4 Nf6 2. Bf4 g6 3. e3 Bg7 4. Nf3 c5 5. c3 b6 6. Be2 0-0 7. h3 Bb7 8. Nbd2 d6 9. 0-0 Nbd7 10. a4 Re8 11. Bh2 a6 12. Qb1 Rc8 13. b4 cxd4 14. cxd4 Qc7 15. Bc4 Qb8 16. Qb3 e6 17. Rac1 Bf8 18. b5 a5 19. Bd3 Qa8 20. Rfe1 e5 21. Bc4 d5 22. Bf1 e4 1/2-1/2